[Event "XII Americas Continental-ch 2017"]
[Site "Medellin"]
[Date "2017.06.11"]
[Round "2"]
[White "Flores, Diego"]
[Black "Romero Barreto, Jaime Jose"]
[Result "1-0"]
[WhiteElo "2567"]
[BlackElo "2266"]
[Annotator "TA"]
[PlyCount "71"]
[EventDate "2017.??.??"]
[EventType "swiss"]
[EventCountry "COL"]
[SourceTitle "playchess.com"]
[Source "ChessBase"]
[SourceQuality "1"]

{[%evp 16,71,30,32,58,52,47,33,61,62,41,41,93,5,13,12,33,27,61,50,50,45,54,47,156,141,143,144,223,225,229,218,287,174,168,172,165,168,281,262,272,276,306,306,424,430,422,421,406,397,5285,5365,29979,29980,6411,1752,29988,1416]} 1. c4 e5 2. g3 Nf6 3. Bg2 Nc6 4. Nc3 Bb4 5. Nd5 O-O 6. Nf3 Re8 7. O-O Bf8 8. d3 {A29: English Opening: Four Knights Variation with 4 g3} Nxd5 (8... h6 9. e4 d6 10. h3 Nxd5 11. cxd5 Ne7 12. d4 exd4 13. Nxd4 c6 14. dxc6 Nxc6 15. Nb5 Be6 16. Nc3 Rc8 {1-0 (38) Damljanovic,B (2555)-Drenchev,P (2517) Tivat 2011}) 9. cxd5 {LiveBook: 5 Games} Nb4 10. Bg5 {White is slightly better.} Be7 11. Qb3 $146 {Threatens to win with d6.} ({Predecessor:} 11. Bd2 Nxd5 12. Nxe5 Nf6 13. Qb3 d5 14. d4 c6 15. Rac1 Bd6 {1-0 (61) Zoltek,T (2313)-Orvisky,V La Pineda 2004}) 11... Na6 12. Be3 d6 13. Rac1 f5 (13... c5 $14) 14. Rc4 ({White should play} 14. Qc4 $16) 14... Bf6 $11 15. Rfc1 $36 {[%mdl 2048] White has the initiative.} b6 16. Qa3 Bb7 17. h4 Qc8 18. Ng5 h6 19. Ne6 Nc5 (19... Rxe6 $1 $14 20. dxe6 Bxg2 21. Kxg2 c5) 20. Bxc5 $16 ({But not} 20. Nxc5 $6 dxc5 21. b4 Qd8 $11) 20... dxc5 21. b4 e4 (21... Bxd5 $16 22. Nxc7 (22. Bxd5 c6 $16) 22... Bxg2) 22. dxe4 $18 fxe4 23. Bxe4 {And now Qf3 would win.} c6 24. dxc6 Bxc6 25. Bxc6 Qxc6 26. Nf4 g5 (26... Be5 {keeps fighting.} 27. Nd3 (27. bxc5 Bxf4 28. Rxf4 Rxe2 $16) 27... cxb4 28. Qxb4 (28. Rxc6 bxa3 29. R1c4 Bf6 $14) (28. Rxb4 Qd6 $16) (28. Nxb4 Qe6 $16) 28... Qd5 29. Nxe5 Qxe5) 27. hxg5 hxg5 28. Nh5 Be7 29. bxc5 Bxc5 30. Rxc5 bxc5 31. Rxc5 Qg6 32. Qa5 Qb1+ $2 {[#]} (32... Qxh5 33. Rxg5+ Qxg5 34. Qxg5+ Kf8 35. Qf5+ Kg8) 33. Kh2 Re7 34. Rxg5+ Kf8 35. Rf5+ (35. Qd5 $142 Qh7 36. Qxa8+ Kf7 37. Qd5+ Kf8 38. Rf5+ Qxf5 39. Qxf5+ Ke8 40. Nf4) 35... Ke8 36. Qd5 {Precision: White = 67%, Black = 29%.} (36. Nf6+ $142 Kf8 37. Ne4+ Ke8 38. Qa4+ Rd7 39. Nf6+ Kf8 40. Nxd7+ Ke7 41. Qh4+ Kd6 42. Qd4+ Ke7 43. Qf6+ Kxd7 44. Qg7+ Kd6 45. Qg6+ Ke7 46. Rf7+ Ke8 47. Qg8#) 1-0

[Event "XII Americas Continental-ch 2017"]
[Site "Medellin"]
[Date "2017.06.11"]
[Round "2"]
[White "Shabalov, Alexander"]
[Black "Vittorino, Carlo Giovanni"]
[Result "1-0"]
[WhiteElo "2556"]
[BlackElo "2257"]
[Annotator "TA"]
[PlyCount "153"]
[EventDate "2017.??.??"]
[EventType "swiss"]
[EventCountry "COL"]
[SourceTitle "playchess.com"]
[Source "ChessBase"]
[SourceQuality "1"]

{[%evp 25,153,-5,-4,-25,-24,-32,-25,-22,-20,-20,-11,-12,-21,-4,-4,-8,15,20,24,15,25,0,-2,-60,-55,-60,-64,-54,0,-97,-13,-24,0,-6,-6,-6,-8,-55,0,-15,-15,-15,0,0,0,0,0,0,6,0,0,0,0,0,0,0,0,0,64,10,19,14,18,12,54,30,72,62,70,77,65,69,77,59,97,86,114,99,103,84,232,234,231,230,197,99,356,351,351,351,324,348,327,297,310,322,335,323,387,350,444,550,542,456,539,455,361,360,358,375,413,389,554,539,408,202,234,247,234,230,211,181,406,418,1004,888,565,416,407,385]} 1. e4 e5 2. Nf3 Nc6 3. Bb5 a6 4. Ba4 Nf6 5. O-O Be7 6. Bxc6 dxc6 7. Qe1 Nd7 8. b3 O-O 9. Bb2 Bd6 10. d3 {C85: Closed Ruy Lopez: Deferred Exchange Variation} Re8 11. Nbd2 Nf8 12. Nc4 Ng6 13. Qe3 (13. d4 exd4 14. Nxd6 cxd6 15. Nxd4 f6 16. Qc3 c5 17. Qc4+ d5 18. Qxc5 dxe4 {½-½ (68) Wang,Y (2442)-Zhao,J (2634) China 2016}) 13... c5 {LiveBook: 5 Games} 14. g3 {[#]} Bh3 $146 ({Predecessor:} 14... h5 15. Ncd2 Nf8 16. a4 Bh3 17. Rfc1 f6 18. Kh1 {½-½ (18) Plaskett,H (2490)-Davies,N (2523) West Bromwich 2004}) 15. Rfe1 f6 (15... b5 $5 {[%cal Rb5c4]} 16. Nxd6 cxd6 $11) 16. Nfd2 Qd7 17. Qe2 Be6 18. Ne3 Ne7 {[%cal Bg6e7,Be7c6,Bc6d4][%mdl 32]} 19. f3 $1 Rf8 20. Rf1 Rae8 21. f4 exf4 22. gxf4 Nc6 23. Rf2 (23. f5 $5 {[%cal Rf5e6]} Bf7 24. Kh1 $11) 23... f5 {With the idea ...fxe4.} 24. Raf1 (24. e5 $11 Nd4 25. Qf1) 24... Nd4 $15 25. Qh5 fxe4 $1 26. Nxe4 Bf5 ({Better is} 26... Bh3 $1 $15 27. Ng2 (27. Bxd4 cxd4 28. Qd5+ Qe6 $17) 27... Qf5 28. Qxf5 Bxf5) 27. Bxd4 (27. Nxf5 $11 Rxf5 28. Qh4) 27... cxd4 (27... Bxe4 $17 28. Be5 Bc6) 28. Nxf5 $11 Qxf5 29. Qf3 c6 30. Qg2 $132 {[%mdl 2048] White puts up resistance} Re6 31. Kh1 Rh6 (31... Rg6 $15 32. Nxd6 Qd7) 32. Rf3 ({Much weaker is} 32. Rg1 Rg6 $17) 32... Rg6 33. Qf2 Qd5 34. f5 Rh6 35. h3 $1 Be5 36. Qg2 Bf6 37. Rf4 Qe5 38. Qg3 Kh8 39. Kg2 Qd5 {Strongly threatening ...Be5.} 40. Rg4 Be5 41. Qf3 Bf6 (41... Qa5 $11) 42. a4 (42. Nxf6 $14 Qxf3+ 43. Rxf3 Rhxf6 44. Rxd4) 42... Qe5 43. Rf2 Bh4 44. Re2 Qd5 (44... Rxf5 $2 45. Ng5 $18) ({Don't blunder} 44... Qxf5 $2 45. Qxf5 Rxf5 46. Nd6 $1 $18 {[%mdl 512]}) 45. Nd2 Qd8 46. Qe4 Bf6 47. Nf3 Rh5 48. Qe6 Qc8 49. Rf4 c5 50. Qxc8 Rxc8 51. Re6 Kg8 52. Kg3 Kf7 (52... Rh6 $16 {keeps fighting.}) 53. Rb6 $1 $18 Rc7 54. Kg4 Rh6 55. h4 ({White should try} 55. Re4 $18) 55... Be7 $2 {[%mdl 8192]} (55... Kf8 $16) 56. Ne5+ Kf8 57. Rxh6 gxh6 {[%mdl 4096] Endgame KRB-KRN} 58. f6 Bd6 59. Kf5 b5 60. axb5 axb5 61. Re4 Ra7 62. Nc6 Rc7 63. Nd8 {aiming for Ne6+.} Rd7 64. Ne6+ $1 Kf7 65. Rg4 Bf8 66. Nxf8 Kxf8 {KR-KR} 67. Ke6 Ra7 68. Kd5 Ra2 (68... h5 {was worth a try.} 69. Rg5 Ra2 70. Kxc5 Rxc2+ 71. Kxd4 b4) 69. Kxc5 Rxc2+ 70. Kxd4 (70. Kxb5 $142 Rc3 71. b4 (71. Rxd4 Rxb3+ 72. Kc4 Rb6 $16)) 70... Kf7 {[#]} 71. Rf4 $1 b4 {[#]} 72. Ke3 $1 Rh2 73. Rxb4 Rh3+ $2 (73... Kxf6 {is a better defense.} 74. Re4 Rb2) 74. Kd2 Kxf6 (74... Rf3 $142 75. Rb7+ Ke6 76. Rxh7 Rxf6) 75. Re4 Rg3 76. b4 {[%cal Bb3b4,Bb4b5][%mdl 32]} Rg8 77. b5 {Precision: White = 68%, Black = 45%.} 1-0

[Event "XII Americas Continental-ch 2017"]
[Site "Medellin"]
[Date "2017.06.11"]
[Round "2"]
[White "Escobar Medina, Andres F"]
[Black "Iturrizaga Bonelli, Eduardo"]
[Result "0-1"]
[WhiteElo "2343"]
[BlackElo "2663"]
[Annotator "TA"]
[PlyCount "61"]
[EventDate "2017.??.??"]
[EventType "swiss"]
[EventCountry "COL"]
[SourceTitle "playchess.com"]
[Source "ChessBase"]
[SourceQuality "1"]

{[%evp 13,61,20,9,-11,1,-3,5,8,11,12,16,10,18,15,11,-4,12,5,20,8,14,10,72,22,40,50,54,47,43,16,28,31,27,-26,6,-32,19,0,-10,-50,-43,-101,-103,-85,-104,-230,-218,-418,-307,-1371]} 1. e4 c5 2. Nf3 e6 3. d4 cxd4 4. Nxd4 a6 5. Nc3 Qc7 6. Be3 Nf6 7. a3 b5 8. Bd3 {B43: Sicilian: Kan Variation: 5 Nc3} (8. Qd2 Bb7 9. f3 h5 10. Be2 Nc6 11. O-O-O b4 12. axb4 Bxb4 13. Nxc6 Bxc6 14. Qd4 Rb8 15. Qa7 Bb7 {0-1 (38) Lopez Silva,H (2426)-Pichot,A (2517) Antofagasta 2016}) 8... Bb7 9. Qf3 d6 10. Qg3 {The position is equal.} Nbd7 11. O-O h5 {[%cal Bh7h5,Bh5h4][%mdl 32]} 12. h3 $146 ({Predecessor:} 12. f3 Nc5 13. Nde2 h4 14. Qf2 d5 15. Bf4 e5 16. Bg5 Nxd3 17. cxd3 {0-1 (36) Sanchez Lopez,L (1642)-Martinez,J (2189) Ibague 2013}) 12... h4 13. Qf3 Be7 14. Nb3 d5 15. Bf4 e5 {[#] aiming for ...dxe4.} 16. Bh2 {[%cal Re4d5]} dxe4 17. Nxe4 Nd5 (17... O-O $11) 18. Ned2 Rc8 19. Rfe1 Nf4 20. Be4 Bxe4 21. Qxe4 {Bxf4 is the strong threat.} (21. Nxe4 {feels hotter.} Ng6 22. Nd4 Nf6 23. c3 O-O 24. Qf5) 21... Ng6 22. Rac1 (22. Nf3 {is more complex.} O-O 23. c3 Bf6 24. a4 Rfd8 25. axb5 axb5 26. Qf5) 22... O-O 23. c4 ({Better is} 23. Qf5) 23... b4 24. a4 Bg5 ({Black should try} 24... Qc6 $15) 25. Qf5 Bh6 26. c5 Qc6 27. Rc4 {[#]} (27. Qg4 $15) 27... Bxd2 $1 $17 28. Nxd2 Qd5 29. Qg5 (29. Qc2 $17 {might work better.} Rxc5 30. Rd1) 29... Nxc5 $19 30. Qe3 $2 (30. Rec1 {is the only way for White.}) 30... Nd3 31. Rec1 $2 {Precision: White = 22%, Black = 57%.} (31. Qe4 Qd6 32. Rb1) 0-1

[Event "XII Americas Continental-ch 2017"]
[Site "Medellin"]
[Date "2017.06.11"]
[Round "2"]
[White "Echavarria, Johann"]
[Black "Cordova, Emilio"]
[Result "0-1"]
[WhiteElo "2309"]
[BlackElo "2651"]
[Annotator "TA"]
[PlyCount "158"]
[EventDate "2017.??.??"]
[EventType "swiss"]
[EventCountry "COL"]
[SourceTitle "playchess.com"]
[Source "ChessBase"]
[SourceQuality "1"]

{[%evp 14,158,40,45,48,34,58,52,53,52,58,50,72,46,54,40,47,47,45,39,35,46,48,19,78,86,91,79,91,100,96,16,15,21,24,22,13,9,20,16,12,13,20,13,12,5,101,100,264,67,120,110,206,188,279,181,177,168,179,167,177,169,183,124,68,10,10,19,17,10,74,0,0,0,0,4,7,7,7,0,0,0,0,0,0,0,7,0,0,0,0,0,0,0,50,-9,-9,-11,-11,-1087,-1087,-986,-1029,-897,-897,-760,-724,-627,-627,-575,-389,-581,-549,-29961,-29959,-29962,-29960,-29963,-2905,-2905,-2275,-1511,-1366,-950,-727,-29969,-29972,-29971,-29974,-29973,-29973,-29972,-29968,-29964,-29965,-29970,-29971,-29970,-29972,-29975,-29976,-29979,-29980,-29980,-29981,-29979,-29981]} 1. e4 c5 2. Nf3 a6 3. c4 e6 4. Nc3 Qc7 5. Be2 b6 6. O-O Bb7 7. d4 cxd4 8. Nxd4 Nf6 {A34: Symmetrical English: 2 Nc3, lines with ...d5} 9. f3 Bd6 (9... Be7 10. Be3 O-O 11. Qd2 d6 12. Rfc1 Nbd7 13. b4 Rfe8 14. Na4 Bf8 15. Rab1 Rac8 16. Bf1 Qb8 17. Qf2 Ba8 18. Nb3 Rc6 19. Rd1 Rec8 20. Rb2 Ne5 {½-½ (123) Nepomniachtchi,I (2767)-Pantsulaia,L (2607) Doha 2016}) 10. Kh1 {Threatens to win with Ncb5!} Be7 {White is slightly better.} 11. Be3 d6 12. Qd2 Nbd7 13. Rfc1 O-O 14. b4 $146 ({Predecessor:} 14. a4 Rab8 15. b4 Ba8 16. Nd1 {½-½ (29) Kanarek,M (2500)-Zubov,A (2611) Krakow 2014}) 14... Rac8 15. a3 Rfe8 16. Nb3 Qb8 17. Rab1 Rcd8 18. Bf1 Ba8 (18... d5 $11) 19. Qf2 $16 d5 20. exd5 exd5 21. c5 Ne5 22. cxb6 (22. Bd4 $16) 22... Neg4 23. fxg4 Nxg4 {[%csl Gg4][%cal Rb8h2]} 24. Qf4 Nxe3 25. Qxe3 {Na4 is the strong threat.} d4 $1 {[%cal Rd4e3]} 26. Qf2 {And now Na4 would win.} (26. Nxd4 Bf6 $17) 26... dxc3 27. Rxc3 Rd6 28. Re1 $36 {[%mdl 2048] Black must now prevent Rce3. White has the initiative.} Rf6 (28... Rxb6 $2 29. Rxe7 $1 {[%mdl 512]} Rf6 30. Rxe8+ Qxe8 31. Qe2 $18) 29. Qg1 Bd5 (29... Rxb6 $2 30. Rxe7 $1 {[%mdl 512]} Rd6 31. Rxe8+ Qxe8 32. Rc1 $18) (29... Bd6 $11 {remains equal.} 30. Rxe8+ Qxe8) 30. Na5 {aiming for Bc4.} h5 $2 (30... Kf8 $16 {was necessary.}) 31. Bxa6 $2 ({Only move:} 31. Rce3 $1 $18) 31... Rg6 (31... Bf8 $14) 32. Bf1 $1 {Strongly threatening Rce3.} ({Not} 32. Rxe7 $2 Rxe7 33. Rc2 (33. Rc8+ Qxc8 34. b7 Qd8 35. Bf1 Re1 36. Nc4 Rxf1 37. Ne3 Bxg2+ 38. Nxg2 Qd1 39. b8=Q+ Kh7 40. Qh8+ Kxh8 41. h4 Rxg1+ 42. Kh2 Rh1#) 33... h4 $19) 32... h4 (32... Qxb6 $16 33. Qxb6 Rxb6) 33. Rce3 $18 Be6 (33... Qf4 {might work better.} 34. b7 (34. Rxe7 Rxe7 35. Rxe7 h3 $11) 34... Re6 35. Rxe6 fxe6) 34. Nc6 Qxb6 35. Nxe7+ Rxe7 36. Bd3 Rg5 37. h3 Qd4 38. Be4 ({White should try} 38. Re5 $18 Qf4 39. Qe3 Qxe3 40. R1xe3 Rxe5 41. Rxe5) 38... Bxh3 $16 39. Rxh3 (39. Bc6 $14 Be6 40. b5) 39... Rxe4 $11 40. Qxd4 Rxd4 $16 {[%mdl 4096] Endgame KRR-KRR} 41. Rb1 Rd2 {[#]} 42. Rh2 ({Better is} 42. a4 $1 $16) 42... Ra2 $11 43. Rxh4 Rxa3 44. b5 {Hoping for b6.} Ra7 45. b6 Rb7 46. Rhb4 (46. Ra1 {is interesting.} f6 47. Rb4 Rd5 48. Kh2 Kf7 49. Kg3) 46... Rg6 47. Kg1 Kf8 48. Kf2 Ke7 49. Kf3 Rf6+ 50. Ke3 Kd6 51. R4b2 Rf5 52. Kd4 Re5 53. Kc4 Rd5 54. Kc3 (54. Rb5 $1 $14 Rd2 55. Rf5) 54... Kc6 55. Kc4 Rbd7 {( -> ...Rd3)} 56. b7 $2 {[%mdl 8192]} (56. Rb5 $11 Rxb5 57. Rxb5) 56... Rc5+ $19 57. Kb4 Rxb7+ 58. Ka4 Rc4+ 59. Ka3 Rc3+ 60. Ka4 Rxb2 61. Rxb2 {KR-KR} Rg3 62. Rd2 {[#]} (62. Rf2 $142 Kc5 63. Rc2+ Kd4 64. Kb4) 62... Kc5 $1 63. Rd7 f5 64. Rd2 g6 65. Ra2 Rg4+ (65... Kd4 $142 66. Kb5 g5 67. Kc6 g4 68. Kd6 f4 69. Ra4+ Ke3 70. Ke5 f3 71. Ra3+ Kf2 72. gxf3 gxf3 73. Ra2+ Kg1 74. Ra1+ Kg2 75. Kd4 f2 76. Ke5 f1=Q 77. Rxf1 Kxf1 78. Ke4 Ke2 79. Ke5 Rd3 80. Ke4 Rd1 81. Kf4 Rd4+ 82. Kf5 Kf3 83. Ke5 Rd1 84. Kf6 Ke4 85. Ke6 Kf4 86. Kf6 Re1 87. Kg6 Re6+ 88. Kg7 Kg5 89. Kf7 Re1 90. Kg7 Rf1 91. Kh8 Kh6 92. Kg8 Kg6 93. Kh8 Rf8#) 66. Ka5 Kd4 67. Kb5 Rg3 68. Kc6 Ke5 69. Re2+ Kf4 {Black mates.} 70. Kd5 Re3 71. Ra2 Kg3 72. Kd4 Re6 73. Kd5 Re4 74. Ra6 g5 {[%cal Bg6g5,Bg5g4][%mdl 32]} 75. Rf6 Kg4 76. Rh6 Re2 77. Rh2 f4 78. Kd4 Kg3 79. Rh5 g4 {Precision: White = 41%, Black = 71%.} 0-1

[Event "XII Americas Continental-ch 2017"]
[Site "Medellin"]
[Date "2017.06.11"]
[Round "2"]
[White "Torres, Juan Camilo"]
[Black "Kovalyov, Anton"]
[Result "0-1"]
[WhiteElo "2275"]
[BlackElo "2643"]
[Annotator "TA"]
[PlyCount "106"]
[EventDate "2017.??.??"]
[EventType "swiss"]
[EventCountry "COL"]
[SourceTitle "playchess.com"]
[Source "ChessBase"]
[SourceQuality "1"]

{[%evp 14,106,31,28,48,3,8,10,6,5,12,12,13,-14,0,-31,-29,-48,-12,-15,-22,-20,-17,-37,0,-49,-14,-85,-88,-81,-76,-101,-101,-109,-104,-108,-114,-110,-93,-102,-104,-98,-94,-94,-96,-98,-66,-98,-96,-96,-96,-103,-100,-105,-66,-66,-66,-69,-71,-65,-31,-31,-31,-40,-42,-50,-46,-46,0,0,0,-12825,-11096,-6079,-5736,-29961,-29962,-29959,-29963,-29957,-29954,-29948,-29951,-8875,-12249,-29943,-29937,-29978,-29979,-29979,-29979,-29979,-29980,-29980,-29981]} 1. d4 Nf6 2. Nf3 e6 3. e3 b6 4. Bd3 Bb7 5. O-O c5 6. c4 d6 7. Nc3 Nbd7 8. b3 g6 {E14: Queen's Indian: Classical Variation (4 e3)} (8... a6 9. Bb2 g6 10. d5 exd5 11. Nxd5 Bxd5 12. cxd5 Bg7 13. e4 O-O 14. h3 b5 15. Re1 Rb8 16. Bc2 {0-1 (83) Cramling,P (2525)-Hou,Y (2629) Beijing 2013}) 9. Bb2 (9. d5 $5) 9... Bg7 10. Qe2 O-O {The position is equal.} 11. Rad1 cxd4 $146 ({Predecessor:} 11... a6 12. Bb1 Qc7 13. Rd2 Rfe8 14. Rfd1 Rad8 15. h3 Qb8 16. dxc5 Nxc5 {1-0 (37) Kurajica,B (2520)-Abramovic,B (2520) Kladovo 1991}) 12. exd4 Re8 13. Bb1 a6 14. Ne4 Qc7 15. Rc1 Rac8 16. Qe3 Qb8 17. Nxf6+ Nxf6 18. Rfe1 Qa8 19. Rc3 d5 20. cxd5 (20. c5 $11) 20... Nxd5 21. Rxc8 Rxc8 22. Qd2 Nf6 23. Qf4 Bxf3 24. Qxf3 Qxf3 25. gxf3 Nd5 26. Be4 Nf4 27. Kf1 f5 28. Bb1 Kf7 29. Rc1 Rxc1+ 30. Bxc1 $17 {[%mdl 4096] Endgame KBB-KBN} Nd5 31. Bb2 Bh6 32. Bd3 Nb4 33. Bb1 Bd2 34. a3 Nd5 35. Bd3 a5 36. Bc4 Bc3 (36... Bf4 $5 {[%cal Rf4h2]} 37. Kg2 g5 $15) 37. Bxc3 Nxc3 $15 {KB-KN} 38. a4 g5 39. Ke1 Kf6 40. Kd2 Nd5 (40... Na2 {seems wilder.} 41. Bf1 Nb4 42. Kc3 Ke7 43. Kc4 Kd7) 41. Bxd5 $1 exd5 $11 {KP-KP} 42. h3 $2 {[%mdl 8192] [#]} (42. f4 $11) 42... Kg6 $19 43. Ke2 Kh5 44. Kf1 Kh4 45. Kg2 f4 46. Kh2 h6 {[%cal Bh7h6,Bh6h5,Bh5g4,Bg4g3][%mdl 32]} 47. Kg2 h5 48. Kh2 g4 49. hxg4 hxg4 {Black mates.} 50. Kg2 {[#]} g3 $1 {[%cal Rg3f2]} 51. fxg3+ fxg3 {[%cal Bf4g3,Bg3g2][%mdl 32]} 52. Kf1 Kh3 53. Kg1 g2 {Precision: White = 55%, Black = 74%.} 0-1

[Event "XII Americas Continental-ch 2017"]
[Site "Medellin"]
[Date "2017.06.11"]
[Round "2"]
[White "Hernandez, Cristian Andres"]
[Black "Delgado Ramirez, Neuris"]
[Result "0-1"]
[WhiteElo "2259"]
[BlackElo "2613"]
[Annotator "TA"]
[PlyCount "68"]
[EventDate "2017.??.??"]
[EventType "swiss"]
[EventCountry "COL"]
[SourceTitle "playchess.com"]
[Source "ChessBase"]
[SourceQuality "1"]

{[%evp 17,68,37,42,3,82,34,48,43,85,81,56,61,58,44,62,10,67,-41,-46,-100,-104,-95,-92,-101,-86,-166,-162,-168,-143,-139,-122,-166,-165,-220,-184,-233,-233,-253,-257,-246,-211,-225,-226,-210,-218,-461,-464,-591,-601,-855,-848,-813,-720]} 1. e4 c5 2. Nf3 d6 3. d4 cxd4 4. Nxd4 Nf6 5. Nc3 a6 6. Bg5 Nbd7 7. f4 g6 {B94: Sicilian Najdorf: 6 Bg5 Nbd7} 8. Qf3 Bg7 9. O-O-O Qc7 {LiveBook: 16 Games. White is slightly better.} 10. g3 $146 ({Predecessor:} 10. h4 h6 11. Bxf6 Nxf6 12. e5 dxe5 13. fxe5 Qxe5 14. Nc6 bxc6 15. Qxc6+ Nd7 16. Qxa8 {½-½ (37) Oparin,G (2575)-Korobov,A (2674) Gjakova 2016}) 10... e5 (10... O-O $11 {keeps the balance.}) 11. Nb3 h6 12. Bh4 O-O 13. Bh3 exf4 14. gxf4 Nb6 {[%cal Bd7b6,Bb6c4,Bc4b2][%mdl 32]} 15. Kb1 Bxh3 16. Qxh3 Rac8 (16... Nh5 $1 $11) 17. Qd3 (17. Bxf6 $14 Bxf6 18. Rd3) 17... Nh5 $15 {[%cal Rg7c3]} 18. Qxd6 (18. f5 $15) 18... Qxd6 $17 19. Rxd6 Nc4 20. Rd7 Nxf4 21. Rf1 {[#]} (21. Bg3 $17 Bxc3 22. Bxf4 Bxb2 23. Bxh6) 21... g5 $1 $36 {[%mdl 2048] Black is in control.} 22. Bg3 {[#]} Nxb2 $1 {[%mdl 512]} 23. Bxf4 {Strongly threatening Bc1.} (23. Kxb2 Rxc3) 23... Bxc3 24. Bc1 Na4 25. Ba3 (25. Rxb7 $142 Be5 26. Bd2) 25... Rfd8 26. Rfxf7 Be5 27. h3 Nc3+ 28. Ka1 b5 ({Don't play} 28... Nxe4+ 29. Bb2 $17) 29. Bb2 {[#]} Rxd7 $1 30. Rxd7 Rf8 {Hoping for ...Na4.} 31. Re7 $2 (31. Nc1) 31... Rf1+ {Black is clearly winning.} 32. Nc1 Bf4 33. Bxc3 Bxc1 34. Rg7+ Kf8 {Precision: White = 23%, Black = 66%.} 0-1

[Event "XII Americas Continental-ch 2017"]
[Site "Medellin"]
[Date "2017.06.11"]
[Round "2"]
[White "Sanchez Alvarez, Kelvin Antonio"]
[Black "Pichot, Alan"]
[Result "0-1"]
[WhiteElo "2257"]
[BlackElo "2577"]
[Annotator "TA"]
[PlyCount "128"]
[EventDate "2017.??.??"]
[EventType "swiss"]
[EventCountry "COL"]
[SourceTitle "playchess.com"]
[Source "ChessBase"]
[SourceQuality "1"]

{[%evp 21,128,29,23,29,30,30,72,32,64,0,3,-12,0,-20,-16,-20,-12,-14,-7,-10,-12,0,0,0,6,-14,-8,-10,-8,0,-7,-14,-12,-17,-12,-15,0,0,0,-19,0,-19,25,33,92,0,0,-40,-48,-31,-24,-60,-61,-65,47,-45,-54,-50,-62,-58,-54,-54,-75,-98,-102,-134,-103,-137,-93,-106,-45,-155,-143,-131,-131,-152,-171,-230,-200,-286,-271,-293,-286,-270,-243,-294,-239,-404,-406,-833,-808,-720,-724,-825,-837,-790,-833,-774,-754,-670,-644,-12829,-11919,-7070,-6627,-12843,-12843,-12844,-12844]} 1. e4 c5 2. Nf3 Nc6 3. d4 cxd4 4. Nxd4 Nf6 5. Nc3 d6 6. f3 e5 7. Nb3 Be7 8. Be3 O-O 9. Qd2 Be6 10. Nd5 Bxd5 11. exd5 Nb8 12. Be2 {B56: Classical Sicilian: Unusual Lines} (12. g4 Nbd7 13. g5 Nh5 14. O-O-O f5 15. gxf6 Rxf6 16. Kb1 Nf4 17. Rg1 Nf8 18. Qb4 b6 19. Nd2 N8g6 {½-½ (60) Svidler,P (2726)-Karpov,A (2644) Odessa 2009}) 12... a5 13. a4 Nbd7 14. O-O {White is better.} Qc7 15. c4 (15. Bb5 $14) 15... Nh5 $146 ({Predecessor:} 15... b6 16. Rfe1 Nc5 17. Nxc5 bxc5 18. Bd3 Rfb8 19. Rab1 Nd7 {½-½ (58) Reschke,H (2469)-Larsen,S (2434) England 1998}) 16. Rfd1 b6 17. Qc2 g6 18. Nd2 {[%cal Bb3d2,Bd2b1,Bb1c3,Bc3b5][%mdl 32]} f5 19. Nb1 Nf4 20. Bf1 Nc5 21. Nc3 Bg5 {White should prevent ...Nh3+!} 22. Re1 {[#] g3 is the strong threat.} Qd8 23. Bf2 Nh5 24. Rad1 Bh4 25. g3 Bg5 26. Nb5 Nf6 27. Bg2 Bh6 28. Re2 Qd7 29. Rde1 Rf7 30. Bh3 Qd8 31. Bg2 f4 32. Bh3 {Strongly threatening Bxc5.} fxg3 (32... Rf8 $14) 33. Bxc5 ({Much worse is} 33. Bxg3 $6 Rf8 $14) (33. hxg3 $16 {Threatens to win with Bxc5.} Rf8 34. b3) 33... bxc5 34. Be6 (34. hxg3 $5 {[%cal Rh3e6]} Rf8 35. Be6+ Kg7 36. Qc3 $14) 34... Bf4 35. hxg3 Bxg3 36. Rf1 Nh5 {[%cal Bf6h5,Bh5g7,Bg7f5,Bf5e3][%mdl 32]} 37. Rg2 Kg7 (37... Kf8 $1 $15) 38. Bxf7 (38. Bg4 $1 $14) 38... Kxf7 $15 39. Qe4 {And now Qg4 would win.} Bf4 {[%mdl 1024] Black has compensation.} 40. Rg4 Qf6 41. Kf2 Ng7 42. Rfg1 Nf5 43. Ke2 Ne3 44. Kd3 Nxg4 45. fxg4 Ke7 (45... Bg5 $17 46. Ke2 Qe7 47. Rf1+ Kg8) 46. Kc2 (46. Qe1 $15) 46... Bg5 $17 47. Rh1 {[#]} h6 $1 48. Kb1 Rf8 49. Ka2 (49. Nc7 {was worth a try.}) 49... Qf4 $19 50. Qe2 (50. Qc2 $142) 50... Qf3 51. Qe1 Qxg4 52. Qxa5 Qxc4+ 53. Ka3 {intending Qa7+.} Qxd5 54. Qc7+ $2 (54. Qa7+ Kf6 55. Rf1+ Bf4 56. Nc3) 54... Ke6 55. Rh3 (55. Rg1 $142) 55... Rf1 {[%cal Rf1a1] Black is clearly winning.} 56. Qc8+ Kf7 {[%cal Rf1a1]} 57. Qb7+ Qxb7 58. Nxd6+ Ke6 {[%cal Rf1a1]} 59. Nxb7 {[%mdl 4096] Endgame KRB-KRN} e4 {[%cal Be5e4,Be4e3,Be3e2][%mdl 32]} 60. Nxc5+ Kd5 61. Nb3 e3 62. Rh2 Rf2 63. Rh1 e2 {( -> ...Rf1)} 64. Re1 Be7+ {Precision: White = 37%, Black = 61%.} 0-1